| 000 | 00791cam a22002653a 4500 | ||
|---|---|---|---|
| 001 | 1983 | ||
| 003 | PGUSA | ||
| 005 | 20140828083009.0 | ||
| 008 | 060226s2006||||xxu|||||s|||||000 1 eng d | ||
| 040 |
_aPGUSA _beng |
||
| 042 | _adc | ||
| 050 | 4 | _aPS | |
| 100 | 1 |
_aTarkington, Booth, _d1869-1946 |
|
| 245 | 1 | 0 |
_aMonsieur Beaucaire _h[electronic resource] / _cBooth Tarkington |
| 260 |
_bProject Gutenberg, _c2006 |
||
| 506 | _aPublic domain in the USA. | ||
| 516 | _aElectronic text | ||
| 653 | _aGambling -- Fiction | ||
| 653 | _aBath (England) -- Fiction | ||
| 653 | _aEngland -- Social life and customs -- 18th century -- Fiction | ||
| 653 | _aFrench -- England -- Fiction | ||
| 830 | 0 |
_aProject Gutenberg _v1983 |
|
| 856 | 4 | 0 | _uhttp://www.gutenberg.org/ebooks/1983 |
| 942 | _cEB | ||
| 999 |
_c231324 _d231324 |
||